000 00747nam a2200253Ia 4500
003 OSt
005 20220923212918.0
006 a|||||r|||| 00| 0
007 ta
008 220922b |||||||| |||| 00| 0 hin d
024 _a156,907
037 _cTextual
040 _aARTS
_cARTS
_bhin
041 _2hin
_ahin
082 _aO152:g, L7
100 _aअमृतराय
_9156280
245 0 _aनयी समीक्षा
246 _aNayī samīkṣhā
260 _aइलाहाबाद
_b हॅस प्रकाशन
_c1977
300 _a368 पृ.
_ccm.
650 _aहिन्दी साहित्य
_9156264
942 _hO152:g, L7
_cTEXL
_2CC
999 _c312124
_d312124